[Event "AUTO-ADV-886"]
[Site "http://www.queenalice.com/game.php?id=393563"]
[Date "2008.4.26"]
[Round "1"]
[White "rodolfomaiche"]
[Black "ErnestoFonseca"]
[Result "1-0"]
[WhiteElo "1697"]
[BlackElo "1587"]

1. e4 c5 2. d4 cxd4 3. Qxd4 Nc6 4. Qc3 d5 5. Bb5 e6 6. Bxc6+ bxc6 7. Qxc6+ Bd7
8. Qb7 Rb8 9. Qxa7 dxe4 10. Nc3 Nf6 11. Bg5 Rxb2 12. Na4 Rxc2 13. Rb1 Bd6 14.
Nb6 Bc5 15. Qb7 Rxf2 16. Ne2 Rf5 17. Bxf6 Rxf6 18. Rf1 1-0

[Event "AUTO-ADV-886"]
[Site "http://www.queenalice.com/game.php?id=393564"]
[Date "2008.4.26"]
[Round "1"]
[White "ErnestoFonseca"]
[Black "rmvwoods"]
[Result "0-1"]
[WhiteElo "1584"]
[BlackElo "1979"]

1. d4 Nf6 2. Bg5 g6 3. Bxf6 exf6 4. e3 Bg7 5. Ne2 d5 6. Nf4 Bf5 7. Bd3 Be6 8. c4
dxc4 9. Nxe6 fxe6 10. Bxc4 e5 11. O-O Qe7 12. dxe5 fxe5 13. Nc3 c6 14. a4 Nd7
15. Ne4 Bf8 16. a5 O-O-O 17. Qc2 Bg7 18. b4 Nb8 19. b5 Rd7 20. a6 b6 21. bxc6
Nxc6 22. Bb5 Rc7 23. Bxc6 Qe6 24. Bb7+ Kb8 25. Qa2 Re8 26. Qxe6 Rxe6 0-1

[Event "AUTO-ADV-886"]
[Site "http://www.queenalice.com/game.php?id=393565"]
[Date "2008.4.26"]
[Round "1"]
[White "rmvwoods"]
[Black "ErnestoFonseca"]
[Result "1-0"]
[WhiteElo "1987"]
[BlackElo "1578"]

1. e4 c5 2. Nf3 Nc6 3. Bb5 g6 4. O-O Bg7 5. c3 Nf6 6. Re1 O-O 7. d4 cxd4 8. cxd4
d5 9. e5 Ne4 10. Nc3 Nxc3 11. bxc3 Bd7 12. Bg5 h6 13. Bh4 g5 14. Bxg5 hxg5 15.
Nxg5 Bf5 16. Bd3 e6 17. h4 f6 18. Bxf5 exf5 19. exf6 Rxf6 20. g4 Qd7 21. f3 Re8
22. Rxe8+ Qxe8 23. Qb3 Qd7 24. gxf5 Rxf5 25. Rf1 Bf6 26. f4 1-0

[Event "AUTO-OPEN-1167"]
[Site "http://www.queenalice.com/game.php?id=420039"]
[Date "2008.6.19"]
[Round "1"]
[White "aragats"]
[Black "ErnestoFonseca"]
[Result "1-0"]
[WhiteElo "1740"]
[BlackElo "1566"]

1. f4 e5 2. fxe5 d6 3. exd6 Bxd6 4. Nf3 g5 5. g3 g4 6. Nd4 Bc5 7. c3 Qd5 8. Rg1
Bxd4 9. cxd4 Qxd4 10. e3 Qd6 11. Nc3 Nf6 12. b3 Bd7 13. Bb2 a6 14. Bg2 Nc6 15.
Ne4 Nxe4 16. Bxh8 O-O-O 17. Bxe4 1-0

[Event "AUTO-OPEN-1167"]
[Site "http://www.queenalice.com/game.php?id=420059"]
[Date "2008.6.19"]
[Round "1"]
[White "DaHunter"]
[Black "ErnestoFonseca"]
[Result "1-0"]
[WhiteElo "1967"]
[BlackElo "1586"]

1. d4 d5 2. c4 dxc4 3. Nf3 c5 4. e3 cxd4 5. Qxd4 Qxd4 6. Nxd4 e5 7. Nb5 Na6 8.
Bxc4 Bd7 9. N1c3 Bb4 10. Bd2 Nf6 11. a3 1-0

[Event "AUTO-OPEN-1167"]
[Site "http://www.queenalice.com/game.php?id=420060"]
[Date "2008.6.19"]
[Round "1"]
[White "ErnestoFonseca"]
[Black "DaHunter"]
[Result "0-1"]
[WhiteElo "1588"]
[BlackElo "1965"]

1. e4 e5 2. Nf3 Nc6 3. d4 exd4 4. Nxd4 Bc5 5. Be3 Qf6 6. c3 Nge7 7. Bc4 Qg6 8.
O-O Bxd4 9. Bxd4 O-O 10. Na3 Nxd4 0-1

[Event "AUTO-ADV-945"]
[Site "http://www.queenalice.com/game.php?id=420231"]
[Date "2008.6.19"]
[Round "1"]
[White "ErnestoFonseca"]
[Black "jsm"]
[Result "0-1"]
[WhiteElo "1572"]
[BlackElo "2195"]

1. e4 Nf6 2. e5 Nd5 3. Nc3 Nxc3 4. dxc3 Nc6 5. Nf3 d6 6. exd6 exd6 7. Be3 Be7 8.
Qd2 Be6 9. O-O-O a5 10. Kb1 O-O 11. Bb5 Bf6 12. h4 Bg4 13. Ng5 Bxd1 14. Qxd1 g6
15. Bxc6 bxc6 0-1

[Event "AUTO-ADV-945"]
[Site "http://www.queenalice.com/game.php?id=420232"]
[Date "2008.6.19"]
[Round "1"]
[White "jsm"]
[Black "ErnestoFonseca"]
[Result "1-0"]
[WhiteElo "2196"]
[BlackElo "1570"]

1. e4 e5 2. f4 exf4 3. Nf3 Nf6 4. Nc3 d5 5. exd5 Nxd5 6. Nxd5 Qxd5 7. d4 Be7 8.
Bxf4 Qe4+ 9. Qe2 Qxf4 10. g3 Qh6 11. Bg2 Qe6 12. Qxe6 Bxe6 13. Ne5 c6 14. O-O
Nd7 15. Nd3 O-O-O 16. Rfe1 Bf6 17. c3 1-0

[Event "AUTO-ADV-945"]
[Site "http://www.queenalice.com/game.php?id=420233"]
[Date "2008.6.19"]
[Round "1"]
[White "ErnestoFonseca"]
[Black "chessgoddess"]
[Result "0-1"]
[WhiteElo "1605"]
[BlackElo "2344"]

1. e4 c5 2. Nc3 Nc6 3. f4 e6 4. Nf3 d5 5. Bb5 d4 6. Bxc6+ bxc6 7. Nb1 Ba6 8. d3
Nf6 9. O-O Be7 10. b3 Ng4 11. h3 Nh6 12. f5 exf5 13. Bxh6 gxh6 14. exf5 O-O 0-1

[Event "AUTO-ADV-945"]
[Site "http://www.queenalice.com/game.php?id=420234"]
[Date "2008.6.19"]
[Round "1"]
[White "chessgoddess"]
[Black "ErnestoFonseca"]
[Result "1-0"]
[WhiteElo "2347"]
[BlackElo "1603"]

1. e4 c5 2. Nc3 e6 3. Nf3 Nc6 4. d4 cxd4 5. Nxd4 Nf6 6. Be3 Bb4 7. Bd3 d5 8.
Nxc6 bxc6 9. e5 Nd7 10. Qg4 Bf8 11. Qg3 Rb8 12. Rb1 Qc7 13. f4 c5 14. Bd2 c4 15.
Be2 d4 16. Ne4 1-0

[Event "AUTO-ADV-945"]
[Site "http://www.queenalice.com/game.php?id=420235"]
[Date "2008.6.19"]
[Round "1"]
[White "ErnestoFonseca"]
[Black "FPM"]
[Result "0-1"]
[WhiteElo "1570"]
[BlackElo "1878"]

1. e4 Nc6 2. d4 d6 3. f4 g6 4. c4 Bg7 5. Nf3 Bg4 6. Be3 Nf6 7. Nc3 O-O 8. d5 Nb8
9. Qb3 b6 10. Be2 e6 11. O-O exd5 12. cxd5 Re8 13. h3 Bc8 14. e5 Nfd7 15. Bd4
dxe5 0-1

[Event "AUTO-ADV-945"]
[Site "http://www.queenalice.com/game.php?id=420236"]
[Date "2008.6.19"]
[Round "1"]
[White "FPM"]
[Black "ErnestoFonseca"]
[Result "1-0"]
[WhiteElo "1866"]
[BlackElo "1574"]

1. e4 c5 2. c3 Nf6 3. e5 Nd5 4. Bc4 Nb6 5. Bb3 c4 6. Bc2 Nc6 7. Nf3 d6 8. exd6
exd6 9. O-O Be7 10. d3 O-O 11. d4 d5 12. Bf4 Bg4 13. Nbd2 Re8 14. Qb1 h6 15. h3
Be6 16. Ne5 1-0